000 00864 a2200205 4500
010 _aENG-89561
020 _c320.00
035 _aEN-73094
037 _bDBAD / PUB
082 1 4 _a657.42
090 _c11148
_d11148
100 1 _aMaheshwari, S. N.
245 1 _aCost accounting and financial management:
_cby S.N. Maheshwari and S.N. Mittal
_b[for paper 4, group II of professional Competence Course (P.C.C.) of the Institute of Chartered Accountant of India]
260 _aDelhi :
_bShree Mahavir Book Depot (Publishers)
_c2008
270 _a2603, Nai Sarak,
_b Delhi
_cDelhi :
_e110006
_k23262993, 23270792
_l011-23270792
_mmahavirpublications@hotmail.com
300 _a520p.
_c24 cm (pbk)
700 _aMittal, S.N.
942 _adpl
_cEN
_k657.42 / MAH
999 _c10843
_d10843